[Event "Zuerich op 42nd"]
[Site "Zuerich"]
[Date "2018.12.27"]
[Round "2"]
[White "Martirosyan, Haik M"]
[Black "Hugentobler, Patrick"]
[Result "1-0"]
[WhiteElo "2607"]
[BlackElo "2213"]
[PlyCount "59"]
[EventDate "2018.12.26"]
[EventType "swiss"]
[EventRounds "7"]
[EventCountry "SUI"]
[SourceTitle "CBM 188 Extra"]
[Source "ChessBase"]
[SourceDate "2019.02.26"]
[SourceVersion "1"]
[SourceVersionDate "2019.02.26"]
[SourceQuality "1"]

1. e4 e6 2. d4 d5 3. Nd2 a6 4. Bd3 c5 5. dxc5 Bxc5 6. Ngf3 Nf6 7. Qe2 Nc6 8. c3 Qc7 9. 0-0 dxe4 10. Nxe4 Nxe4 11. Qxe4 Bd7 12. Bf4 Bd6 13. Bxd6 Qxd6 14. Rad1 Qc7 15. Qg4 g6 16. Qg5 Qd8 17. Qf4 Qe7 18. Qc7 Bc8 19. Qb6 Qd8 20. Qe3 Qe7 21. Be4 0-0 22. Bxc6 bxc6 23. Ne5 c5 24. Nc6 Qb7 25. Qxc5 Qxb2 26. Ne7+ Kg7 27. Qd4+ f6 28. Nxc8 Raxc8 29. Qd7+ Kh8 30. Rb1 1-0

[Event "Zuoz Engiadina op 25th"]
[Site "Zuoz"]
[Date "2018.10.08"]
[Round "3"]
[White "Hugentobler, Patrick"]
[Black "Arquint, Andri"]
[Result "1/2-1/2"]
[WhiteElo "2224"]
[BlackElo "1957"]
[PlyCount "40"]
[EventDate "2018.10.06"]
[EventType "swiss"]
[EventRounds "7"]
[EventCountry "SUI"]
[SourceTitle "CBM 186 Extra"]
[Source "ChessBase"]
[SourceDate "2018.08.24"]
[SourceVersion "1"]
[SourceVersionDate "2018.08.24"]
[SourceQuality "1"]

1. e4 c5 2. Nc3 Nc6 3. f4 g6 4. Nf3 Bg7 5. Bb5 Nd4 6. 0-0 Nxb5 7. Nxb5 a6 8. Nc3 d6 9. d3 Nf6 10. Qe1 b5 11. Qh4 b4 12. Nd1 Nd7 13. Ne3 Bb7 14. Rb1 Nb6 15. b3 a5 16. a4 Bd4 17. Nxd4 cxd4 18. Ng4 Qc7 19. Rf2 0-0-0 20. Bb2 Qc5 1/2-1/2

[Event "SUI-ch Seniors 118th"]
[Site "Lenzerheide"]
[Date "2018.07.18"]
[Round "5"]
[White "Hugentobler, Patrick"]
[Black "Bischoff, Peter"]
[Result "1-0"]
[WhiteElo "2225"]
[BlackElo "2053"]
[PlyCount "73"]
[EventDate "2018.07.14"]
[EventType "tourn"]
[EventRounds "7"]
[EventCountry "SUI"]
[SourceTitle "EXT 2019"]
[Source "ChessBase"]
[SourceDate "2018.10.10"]
[SourceVersion "1"]
[SourceVersionDate "2018.10.10"]
[SourceQuality "1"]

1. e4 c5 2. Nc3 Nc6 3. Bb5 Nd4 4. Bc4 e6 5. Nge2 Ne7 6. 0-0 a6 7. Nxd4 cxd4 8. Ne2 b5 9. Bb3 Qb6 10. d3 Bb7 11. Ng3 d5 12. e5 Nc6 13. f4 g6 14. Bd2 Bg7 15. Qe1 0-0 16. Ne2 a5 17. a4 b4 18. g4 f6 19. exf6 Rxf6 20. Ng3 Ne7 21. f5 gxf5 22. Bg5 Rf7 23. Bxe7 Rxe7 24. Nxf5 Rf7 25. Nxg7 Rxg7 26. Qe5 Re8 27. h3 Qd8 28. Rf6 Qc7 29. Re1 Qxe5 30. Rxe5 Rf7 31. Rfxe6 Ref8 32. Re7 Rf1+ 33. Kg2 R1f2+ 34. Kg3 R2f3+ 35. Kh4 Bc6 36. Rc7 Re3 37. Rg5+ 1-0

[Event "SUI-ch Seniors 118th"]
[Site "Lenzerheide"]
[Date "2018.07.15"]
[Round "2"]
[White "Hugentobler, Patrick"]
[Black "Thomann, Rudolf"]
[Result "1-0"]
[WhiteElo "2225"]
[BlackElo "2053"]
[PlyCount "89"]
[EventDate "2018.07.14"]
[EventType "tourn"]
[EventRounds "7"]
[EventCountry "SUI"]
[SourceTitle "EXT 2019"]
[Source "ChessBase"]
[SourceDate "2018.10.10"]
[SourceVersion "1"]
[SourceVersionDate "2018.10.10"]
[SourceQuality "1"]

1. e4 d5 2. exd5 Qxd5 3. Nc3 Qa5 4. Nf3 Nf6 5. Bc4 Bf5 6. d3 c6 7. Qe2 e6 8. Bd2 Qc7 9. Nd4 Be7 10. Nxf5 exf5 11. Qf3 0-0 12. Qxf5 b5 13. Bb3 a5 14. a4 b4 15. Ne4 Nxe4 16. dxe4 Na6 17. 0-0 Bd6 18. g3 Nc5 19. Rad1 Rae8 20. Rfe1 Re5 21. Qf3 Ne6 22. Bxe6 Rxe6 23. Qd3 Rfe8 24. Kg2 Qe7 25. f3 h5 26. Be3 f5 27. Bf2 fxe4 28. Rxe4 Rxe4 29. Qxe4 Qxe4 30. fxe4 Be5 31. b3 Bf6 32. Kf3 Rf8 33. Ke2 Re8 34. Rd6 Rxe4+ 35. Kf3 Re5 36. Rxc6 Rf5+ 37. Kg2 Rd5 38. Be3 Bd4 39. Bxd4 Rxd4 40. Rc5 Rd2+ 41. Kh3 g6 42. Rxa5 Rxc2 43. Rb5 h4 44. Kxh4 Rxh2+ 45. Kg4 1-0

[Event "Zuerich op-A 41st"]
[Site "Zuerich"]
[Date "2017.12.26"]
[Round "1"]
[White "Wagner, Dennis"]
[Black "Hugentobler, Patrick"]
[Result "1-0"]
[WhiteElo "2566"]
[BlackElo "2141"]
[PlyCount "77"]
[EventDate "2017.12.26"]
[EventType "swiss"]
[EventRounds "7"]
[EventCountry "SUI"]
[SourceTitle "CBM 182 Extra"]
[Source "ChessBase"]
[SourceDate "2018.02.23"]
[SourceVersion "1"]
[SourceVersionDate "2018.02.23"]
[SourceQuality "1"]

1. e4 Nf6 2. e5 Nd5 3. d4 d6 4. c4 Nb6 5. exd6 cxd6 6. Nc3 g6 7. Be3 Bg7 8. Rc1 0-0 9. b3 e5 10. dxe5 dxe5 11. Qxd8 Rxd8 12. c5 N6d7 13. Nf3 Nc6 14. Bc4 h6 15. Ne4 Nf8 16. Nd6 Rd7 17. 0-0 Re7 18. Nxc8 Rxc8 19. Nd2 Ne6 20. Ne4 Ncd4 21. Rfe1 Kf8 22. b4 b6 23. Nd6 Rcc7 24. Bxe6 Rxe6 25. Bxd4 exd4 26. Rxe6 fxe6 27. Nb5 Rc6 28. Nxa7 Rc7 29. Nb5 Rc6 30. Kf1 Ke7 31. Ke2 bxc5 32. Rxc5 Rxc5 33. bxc5 Kd7 34. Kd3 Kc6 35. Nxd4+ Kd5 36. c6 Be5 37. a4 Bb8 38. a5 e5 39. a6 1-0

[Event "SUI-ch 117th"]
[Site "Graechen"]
[Date "2017.07.18"]
[Round "6"]
[White "Haag, Gregor"]
[Black "Hugentobler, Patrick"]
[Result "1-0"]
[WhiteElo "2273"]
[BlackElo "2203"]
[PlyCount "71"]
[EventDate "2017.07.13"]
[EventType "swiss"]
[EventRounds "9"]
[EventCountry "SUI"]
[SourceTitle "EXT 2019"]
[Source "ChessBase"]
[SourceDate "2018.10.10"]
[SourceVersion "1"]
[SourceVersionDate "2018.10.10"]
[SourceQuality "1"]

1. d4 Nf6 2. Nf3 g6 3. c4 Bg7 4. Nc3 d5 5. cxd5 Nxd5 6. e4 Nxc3 7. bxc3 c5 8. Rb1 0-0 9. Be2 Nc6 10. d5 Ne5 11. Nxe5 Bxe5 12. Qd2 b6 13. 0-0 e6 14. f4 Bg7 15. Bc4 Kh8 16. d6 Bb7 17. e5 Qd7 18. Qe2 f6 19. Bd2 g5 20. Rbe1 gxf4 21. Bxf4 f5 22. Bg5 Rg8 23. Qh5 b5 24. Rf4 bxc4 25. Rh4 Bxe5 26. Rxe5 Raf8 27. Be7 Rxg2+ 28. Kf1 Rg7 29. Bxf8 Rf7 30. Be7 Qc6 31. Ree4 Qa4 32. Bf6+ Kg8 33. Qg5+ Kf8 34. Be7+ Ke8 35. Re1 Kd7 36. Qg8 1-0

[Event "Zuerich op-A 40th"]
[Site "Zuerich"]
[Date "2016.12.26"]
[Round "1"]
[White "Bauer, Christian"]
[Black "Hugentobler, Patrick"]
[Result "1-0"]
[WhiteElo "2635"]
[BlackElo "2204"]
[PlyCount "43"]
[EventDate "2016.12.26"]
[EventType "swiss"]
[EventRounds "7"]
[EventCountry "SUI"]
[SourceTitle "CBM 176 Extra"]
[Source "ChessBase"]
[SourceDate "2017.03.02"]
[SourceVersion "1"]
[SourceVersionDate "2017.03.02"]
[SourceQuality "1"]

1. d4 Nf6 2. Nf3 g6 3. c4 Bg7 4. e3 0-0 5. Be2 d5 6. cxd5 Nxd5 7. e4 Nf6 8. Nc3 b6 9. 0-0 Ba6 10. Bxa6 Nxa6 11. Qe2 Nb8 12. Rd1 c6 13. Bg5 Qc7 14. Rac1 Qb7 15. d5 Re8 16. dxc6 Nxc6 17. e5 Nd7 18. e6 Nde5 19. Nxe5 Nxe5 20. Nd5 Nc6 21. exf7+ Kxf7 22. Qf3+ 1-0

[Event "Zuoz Engiadina op 23rd"]
[Site "Zuoz"]
[Date "2016.10.07"]
[Round "6"]
[White "Hugentobler, Patrick"]
[Black "Schunk, Thomas"]
[Result "1/2-1/2"]
[WhiteElo "2219"]
[BlackElo "2153"]
[PlyCount "65"]
[EventDate "2016.10.01"]
[EventType "swiss"]
[EventRounds "7"]
[EventCountry "SUI"]
[SourceTitle "EXT 2017"]
[Source "ChessBase"]
[SourceDate "2016.10.25"]
[SourceVersion "1"]
[SourceVersionDate "2016.10.25"]
[SourceQuality "1"]

1. e4 e5 2. Nf3 d6 3. d4 Nf6 4. Nc3 Nbd7 5. g4 exd4 6. Nxd4 Nc5 7. g5 Ng8 8. Qf3 c6 9. Be3 Ne7 10. 0-0-0 Ng6 11. Nf5 Bxf5 12. exf5 Ne5 13. Qg3 Qa5 14. Bxc5 Qxc5 15. f4 Nd7 16. Re1+ Kd8 17. Bh3 Kc7 18. f6 gxf6 19. Bxd7 Kxd7 20. Ne4 Qc4 21. Nxf6+ Kc7 22. b3 Qc5 23. Qh3 Rd8 24. Qh5 Qd4 25. Qxf7+ Kb8 26. Kb1 d5 27. Rd1 Qf2 28. Rhf1 Qxh2 29. Rh1 Qe2 30. Rde1 Qd2 31. Rd1 Qe2 32. Rde1 Qd2 33. Ne8 1/2-1/2